Statistics for Countries by Most Renewable Water Resources

Click here to take the quiz!

General Stats

  • This quiz has been taken 28 times
  • The average score is 8 of 10

Answer Stats

Total (Km³)Country% Correct
8 233Brazil
93%
2 902Canada
93%
2 840China
93%
3 069United States
93%
4 508Russia
89%
1 911India
86%
1 283Democratic Republic of the Congo
64%
2 019Indonesia
57%
2 132Colombia
54%
1 913Peru
54%

Score Distribution

Percentile by Number Answered

Percent of People with Each Score

Your Score History

You have not taken this quiz